| 000 | 00795cam a22002291 4500 | ||
|---|---|---|---|
| 001 | l 58000111 | ||
| 003 | DLC | ||
| 005 | 20260227111545.0 | ||
| 008 | 800222s1957 sz i100 0 eng | ||
| 010 | _al 58000111 | ||
| 035 | _a(OCoLC)6013541 | ||
| 040 |
_aDLC _cNBuU _dDLC |
||
| 042 | _apremarc | ||
| 050 | 0 | 0 |
_aK1200 _b.I58 1957 |
| 110 | 2 | _aInternational Labour Office | |
| 245 | 1 | 0 |
_aJurisdiction over the suspension of officers' certificates of competency. _bSixth item on the agenda. |
| 260 |
_aGeneva, _c1957. |
||
| 300 |
_a9 p. _c24 cm. |
||
| 500 | _aAt head of title: Report 6. International Labour Conference. 41st sess., 1958. | ||
| 650 | 0 |
_aMerchant marine _xOfficers _xLegal status, laws, etc. |
|
| 711 | 2 |
_aInternational Labor Conference _n(41st : _d1958 (Projected) : _cGeneva) |
|
| 999 |
_c36971 _d36971 |
||